Natural rubber, an asset for preservation of the environment high yielding and stimulant responsive elite pipeline clones of Hevea in India (Record no. 49269)

MARC details
000 -LEADER
fixed length control field 00658nam a2200181Ia 4500
100 ## - MAIN ENTRY--AUTHOR NAME
Personal name Mydin K.K
245 #0 - TITLE STATEMENT
Title Natural rubber, an asset for preservation of the environment high yielding and stimulant responsive elite pipeline clones of Hevea in India
260 ## - PUBLICATION, DISTRIBUTION, ETC. (IMPRINT)
Name of publisher International Rubber Conference, 22-24 October 2018, IRRDB, Abidjan, Cote de I'Voire. Abstract Handbook, p. 106.
650 ## - SUBJECT ADDED ENTRY--TOPICAL TERM
Topical Term Pipeline clones
650 ## - SUBJECT ADDED ENTRY--TOPICAL TERM
Topical Term Polycross breeding
650 ## - SUBJECT ADDED ENTRY--TOPICAL TERM
Topical Term Prepotent parents
650 ## - SUBJECT ADDED ENTRY--TOPICAL TERM
Topical Term Rubber yield
650 ## - SUBJECT ADDED ENTRY--TOPICAL TERM
Topical Term Stimulant response
650 ## - SUBJECT ADDED ENTRY--TOPICAL TERM
Topical Term Timber yield
700 ## - ADDED ENTRY--PERSONAL NAME
Personal name Abraham T
942 ## - ADDED ENTRY ELEMENTS (KOHA)
Koha item type Bibliography STAF
Holdings
Withdrawn status Lost status Damaged status Not for loan Home library Current library Shelving location Date acquired Koha item type
      Bibliography RRII Library RRII Library Botany 01/01/2021 Bibliography STAF